000
00453nam a2200145Ia 4500
008
100204s9999 xx 000 0 und d
082
_b
18728
100
_a
खरे नंदा
245
_a
अंताजीची बखर
260
_b
"ग्रंथाली प्रकाशन , मुंबई"
300
_a
187
630
_a
अंताजीची बखर
730
_a
अंताजीची बखर
942
_c
BOOK
999
_c
463151
_d
463148